000 00573nam a2200205Ia 4500
003 OSt
005 20240704102656.0
008 210210b1983 xxu||||| |||| 00| 0 eng d
040 _aAL
_c
041 _aKannada
082 _a332.1K VENB
100 _aVENKATARAV (D).
_928446
_dವೆಂಕಟರಾವ್ (ಡಿ)
245 _aBanking theory
_bಬ್ಯಾಂಕಿಂಗ್ ಥಿಯರಿ
260 _aMaisuru
_bAr Em Prakashana
_c1983
300 _a163
650 _aByanking siddantha
_928447
690 _aBanking
_928448
906 _a037344
942 _2ddc
_cBK
999 _c87799
_d87799